Comparison of Czech and Slovak cultures bakalárska práca

Guardado en:
Detalles Bibliográficos
Autor principal: Lapošová, Kristína
Autor Corporativo: Fakulta aplikovaných jazykov EU v Bratislave. Katedra interkultúrnej komunikácie
Otros Autores: Hrivíková, Tatiana, 1959-
Formato: Libro
Lenguaje:inglés
Publicado: Bratislava 2014
Etiquetas: Agregar Etiqueta
Sin Etiquetas, Sea el primero en etiquetar este registro!

MARC

LEADER 00000nbm a2200000 4500
001 0186972
005 20170201084631.2
041 0 |a eng 
044 |a SK 
245 1 0 |a Comparison of Czech and Slovak cultures  |b bakalárska práca  |c Kristína Lapošová ; školiteľ: Tatiana Hrivíková 
264 1 |a Bratislava  |c 2014 
300 |a 65 s. 
100 1 |a Lapošová, Kristína 
700 1 |a Hrivíková, Tatiana, 1959- 
710 2 |a Fakulta aplikovaných jazykov EU v Bratislave. Katedra interkultúrnej komunikácie